Microwave and RF engineering / (Include CD) (Record no. 189233)
[ view plain ]
| 000 -LEADER | |
|---|---|
| fixed length control field | 01370 a2200229 4500 |
| 003 - CONTROL NUMBER IDENTIFIER | |
| control field | Nust |
| 005 - DATE AND TIME OF LATEST TRANSACTION | |
| control field | 20220812113805.0 |
| 010 ## - LIBRARY OF CONGRESS CONTROL NUMBER | |
| LC control number | 2009051049 |
| 020 ## - INTERNATIONAL STANDARD BOOK NUMBER | |
| International Standard Book Number | 9780470758625 (cloth) |
| 040 ## - CATALOGING SOURCE | |
| Transcribing agency | Nust |
| 082 00 - DEWEY DECIMAL CLASSIFICATION NUMBER | |
| Classification number | 621.3813,SOR |
| 100 1# - MAIN ENTRY--PERSONAL NAME | |
| Personal name | Sorrentino, Roberto. |
| 9 (RLIN) | 96971 |
| 245 10 - TITLE STATEMENT | |
| Title | Microwave and RF engineering / (Include CD) |
| Statement of responsibility, etc. | Roberto Sorrentino, Giovanni Bianchi. |
| 260 ## - PUBLICATION, DISTRIBUTION, ETC. | |
| Place of publication, distribution, etc. | Chichester, West Sussex, U.K. ; |
| -- | Hoboken, N.J. : |
| Name of publisher, distributor, etc. | Wiley, |
| Date of publication, distribution, etc. | 2010. |
| 300 ## - PHYSICAL DESCRIPTION | |
| Extent | xix, 892 p. : |
| Other physical details | ill. ; |
| Dimensions | 27 cm. + |
| Accompanying material | 1 CD-ROM (4 3/4 in.) |
| 505 ## - FORMATTED CONTENTS NOTE | |
| Formatted contents note | Introduction (Page -1), Basic Electromagnetic Theory (Page–9), Guided EM Propagation (Page-39), Microwave Circuits (Page-91), Resonators and Cavities (Page-131), Impedance Matching (Page-163), Passive Microwave Components (Page-187), Microwave Filters (Page-237), Basic Concepts for Microwave Component Design (Page-289), Microwave Control Components (Page-363), Amplifiers (Page-415), Oscillators (Page-503), Frequency Converters (Page-561), Microwave Circuit Technology (Page-633), RF and Microwave Architectures (Page-659), Numerical Methods and CAD (Page-757), Measurement Instrumentation and Techniques (Page-795). |
| 650 #0 - SUBJECT ADDED ENTRY--TOPICAL TERM | |
| Topical term or geographic name entry element | Radio |
| General subdivision | Transmitters and transmission. |
| 650 #0 - SUBJECT ADDED ENTRY--TOPICAL TERM | |
| Topical term or geographic name entry element | Telecommunication Engineering |
| 651 ## - SUBJECT ADDED ENTRY--GEOGRAPHIC NAME | |
| Geographic name | (Include CD) |
| 9 (RLIN) | 8953 |
| 700 1# - ADDED ENTRY--PERSONAL NAME | |
| Personal name | Bianchi, Giovanni, |
| Dates associated with a name | 1963- |
| 9 (RLIN) | 96972 |
| 942 ## - ADDED ENTRY ELEMENTS (KOHA) | |
| Koha item type | Reference |
| Source of classification or shelving scheme | |
| Withdrawn status | Lost status | Source of classification or shelving scheme | Damaged status | Not for loan | Permanent Location | Current Location | Shelving location | Date acquired | Full call number | Barcode | Date last seen | Price effective from | Koha item type | Public note |
|---|---|---|---|---|---|---|---|---|---|---|---|---|---|---|
| Military College of Signals (MCS) | Military College of Signals (MCS) | Reference | 12/12/2016 | 621.3813,SOR | MCS35009 | 12/08/2016 | 12/12/2016 | Reference | Almirah No.21, Shelf No.3 |
